| 000 | 00492nam a2200181Ia 4500 | ||
|---|---|---|---|
| 005 | 20250423101442.0 | ||
| 008 | 250422s9999 xx 000 0 und d | ||
| 020 | _a0-19-423032-5 | ||
| 050 | _aPZ 7 .S74 S77/ | ||
| 100 | _aStevenson, Robert Louis | ||
| 245 | 4 | _aThe strange case of Dr Jekyll and Mr Hyde | |
| 260 | _aOxford | ||
| 260 | _bOxford University Press | ||
| 260 | _c1991 | ||
| 300 | _a88 p | ||
| 650 | _aEnglish language -- Study and teaching Readers - Stage5 | ||
| 942 | _cBK | ||
| 999 |
_c36338 _d36338 |
||